000 00592nam a2200181 a 4500
005 20140412111309.0
008 010404s19uu xx 00 eng d
020 _a0-916119-51-3
050 _aTR(PS E
_bBe38 1994
100 _aWilliams, Rozanne Lanczak
245 _aBear went over the mountain (The) /
_cadapted by Rozanne Lanczak Williams; illustrated by Anne Kennedy.
260 _aCypress, CA :
_bCreative Teaching Press,
_c1994.
300 _a8 p. ; ill.
440 _aRead to Learn-Learn to Read
500 _aEmergent Reader Level I
650 _aFun & Fantasy
999 _c103894
_d103894